| 000 | 01016nas a2200349 4500 | ||
|---|---|---|---|
| 001 | BR2014005453 | ||
| 003 | BR-BrBNA | ||
| 005 | 20231205124457.0 | ||
| 007 | ta | ||
| 008 | 230509b bl.|||p| |||| 00| 00por d | ||
| 040 |
_aBR-BrBNA _bpor _cBiblioteca Nacional de Agricultura |
||
| 041 | _a(Pt) | ||
| 072 | _aF04; F06; F61 | ||
| 100 | 1 | _aScalco, M.S. | |
| 100 | 1 | _aAlvarenga, L.A. | |
| 100 | 1 | _aGuimarães, R.J. | |
| 100 | 1 | _aDominghetti, A.W. | |
| 100 | 1 | _aColombo, A. | |
| 100 | 1 | _aAssis, G.A. | |
| 100 | 1 | _aAbreu, G.F. | |
| 245 | 1 | _aTeores foliares de fósforo e zinco, produtividade e crescimento de café irrigado | |
| 650 | _aCAFÉ | ||
| 650 | _aZINCO | ||
| 650 | _aFÓSFORO | ||
| 650 | _aPRODUTIVIDADE | ||
| 650 | _aCRESCIMENTO | ||
| 650 | _aFERTIRRIGAÇÃO | ||
| 650 | _aESTADO NUTRICIONAL | ||
| 773 | 0 |
_tPesquisa Agropecuária Brasileira (Brazil) _xISSN 0100-204X _g(Feb 2014), v. 49(2) p. 95-101 _wBR2014005453 |
|
| 909 |
_a202311 _bLúcia _c55 _dLúcia Elande |
||
| 942 |
_2AGRIS _n0 _cANA |
||
| 999 |
_c239274 _d239274 |
||